Loading...
| Fine Arts - Classical Music | 4 | 17.50 | 100% | 75% | 0% |
| Fine Arts - Other Fine Arts | 6 | 8.33 | 33% | 50% | 0% |
| Fine Arts - Painting & Sculpture | 5 | 12.00 | 100% | 20% | 0% |
| History - American History | 5 | 14.00 | 80% | 40% | 20% |
| History - European History | 4 | 10.00 | 100% | 0% | 0% |
| History - Other History | 4 | 12.50 | 100% | 25% | 0% |
| History - World History | 5 | 14.00 | 80% | 40% | 20% |
| Literature - American Literature | 5 | 16.00 | 100% | 60% | 0% |
| Literature - British Literature | 4 | 15.00 | 100% | 50% | 0% |
| Literature - European Literature | 4 | 15.00 | 75% | 75% | 0% |
| Literature - World Literature | 3 | 13.33 | 100% | 33% | 0% |
| Mythology | 5 | 20.00 | 100% | 80% | 20% |
| Other | 4 | 17.50 | 100% | 75% | 0% |
| Philosophy | 3 | 10.00 | 100% | 0% | 0% |
| Religion | 6 | 8.33 | 50% | 17% | 17% |
| Science - Biology | 5 | 14.00 | 100% | 40% | 0% |
| Science - Chemistry | 3 | 13.33 | 100% | 33% | 0% |
| Science - Other Science | 4 | 7.50 | 50% | 0% | 25% |
| Science - Physics | 4 | 7.50 | 75% | 0% | 0% |
| Social Science | 3 | 10.00 | 100% | 0% | 0% |